000 00620nam a22002297a 4500
003 UA-OsUOA
001 39699
007 ta
008 20080516b un ||||| |||| 00| 0 ukr d
090 _a082
_bИ99
942 _cBK
040 _aUA-OsUOA
_bukr
_cUA-OsUOA
_dUA-OsUOA
245 _aІсторико-географічні дослідження в Україні
_bЧисло 9
300 _a483 с.
955 _a1
041 _aukr
080 _a082
260 _aК.
_bІнститут історії України
_c2006
246 3 1 _aЗбірка наукових праць
650 7 _2UDC
999 _c438208
_d438208